Statistics for high school musical trivia

Click here to take the quiz!

General Stats

  • This quiz has been taken 754 times
    (636 since last reset)
  • The average score is 7 of 10

Answer Stats

Question Answer % Correct
Fill in the gap: "We're soaring, flying, there's not a star in......that we can't reach"Heaven
97%
What is the first song Gabriella and Troy sung together?Start Of Something New
78%
Who did Sharpay go to prom with?Zeke
77%
What is the name of the song in HSM 2 that Kelsi wrote for Troy and Gabriella, that Sharpay wanted?You Are The Music In Me
77%
What is the number on Troy's basket ball kit?14
76%
What is the name of the last song sang in high school musical 3?High School Musical
70%
What Uni did Gabriella go to?Stanford
70%
What is the final song sang in HSM 2All For One
64%
What is Chad's last name?Danforth
63%
What is Coach Bolton's first name?Jack Bolton
27%

Score Distribution

Percentile by Number Answered

Percent of People with Each Score

Your Score History

You have not taken this quiz since the last reset